000 00706nam a22002177i 4500
005 20210418105737.0
008 210418t2018 at a|||j ||| 000 1 eng d
020 _a9780648352921
_qpaperback
040 _aPPAK
_beng
_cPPAK
_erda
082 0 4 _223
_a500.5
090 0 0 _a500.5
_bBEA
_dK
100 1 _aBeattie, Maren,
_eauthor.
245 1 0 _aLily Luna's journey to SPACE /
_cMAREN BEATTIE
264 1 _aAustralia :
_bInspiring Publishers ,
_c©2018
300 _a1 volume (unpaged) :
_bcolour illustrations ;
_c22 x 22 cm.
336 _2rdacontent
_atext
_astill images.
337 _2rdamedia
_aunmediated
338 _2rdacarrier
_avolume
650 1 0 _aSpace sciences
_vJuvenile literature.
942 _2ddc
_cB
999 _c183472
_d183472